[Event "Grand Slam Final 5th"]
[Site "Sao Paulo/Bilbao"]
[Date "2012.09.28"]
[Round "4"]
[White "Carlsen, Magnus"]
[Black "Aronian, Levon"]
[Result "1/2-1/2"]
[WhiteElo "2843"]
[BlackElo "2816"]
[PlyCount "95"]
[EventDate "2012.09.24"]
[EventType "tourn"]
[EventRounds "10"]
[EventCountry "BRA"]
[EventCategory "22"]
[SourceTitle "CBM 151"]
[Source "ChessBase"]
[SourceDate "2012.11.13"]
[SourceVersion "1"]
[SourceVersionDate "2012.11.13"]
[SourceQuality "1"]

1. e4 e5 2. Nf3 Nc6 3. Bb5 Nf6 4. d3 Bc5 5. Bxc6 dxc6 6. Nbd2 Be6 7. O-O Bd6 8. b3 Nd7 9. Nc4 Bxc4 10. bxc4 O-O 11. Rb1 b6 12. g3 f5 13. exf5 Rxf5 14. Qe2 $146 ({RR} 14. Be3 Qe8 15. Nd2 Qg6 16. Ne4 Raf8 17. Kg2 Nf6 18. Qe2 Nxe4 19. dxe4 Rf3 20. Kg1 Qxe4 21. Rfe1 c5 22. Qd3 Qg4 23. Re2 h5 24. Qd5+ Kh8 25. Rbe1 a5 26. Bd2 Ra3 27. Bc1 Rxa2 28. Rxe5 Bxe5 {Anand,V (2785)-Aronian,L (2815) Dubai 2014 ½-½ (61)}) 14... Nc5 15. Be3 Ne6 16. Nd2 Qf6 17. Qg4 Rf8 18. Ne4 Qf7 19. a4 h5 20. Qe2 Be7 21. a5 Qg6 22. axb6 axb6 23. Kh1 Rf3 24. Rbe1 Bb4 25. Ra1 Qg4 26. Qd1 Qh3 27. Bf4 Bc3 28. Qxf3 Bxa1 29. Qg2 Qf5 30. Bd2 Bd4 31. h3 Bc5 32. Bc3 Be7 33. Re1 b5 34. Kg1 b4 35. Bb2 Bd6 36. h4 Be7 37. Kh2 Ra8 38. Ra1 Rxa1 39. Bxa1 Nc5 40. Nd2 Bf6 41. Bb2 b3 42. Nxb3 Nxb3 43. cxb3 Qxd3 44. Qxc6 Qc2 45. Qe8+ Kh7 46. Qxh5+ Kg8 47. Qe8+ Kh7 48. Qh5+ 1/2-1/2

[Event "Grand Slam Final 5th"]
[Site "Sao Paulo/Bilbao"]
[Date "2012.10.09"]
[Round "7"]
[White "Carlsen, Magnus"]
[Black "Vallejo Pons, Francisco"]
[Result "1-0"]
[WhiteElo "2843"]
[BlackElo "2697"]
[PlyCount "84"]
[EventDate "2012.09.24"]
[EventType "tourn"]
[EventRounds "10"]
[EventCountry "BRA"]
[EventCategory "22"]
[SourceTitle "CBM 151"]
[Source "ChessBase"]
[SourceDate "2012.11.13"]
[SourceVersion "1"]
[SourceVersionDate "2012.11.13"]
[SourceQuality "1"]

1. e4 {So,Wesley} e6 2. d4 d5 3. Nc3 Bb4 4. exd5 exd5 5. Bd3 Nf6 ({RR} 5... Nc6 6. a3 Bxc3+ 7. bxc3 Nge7 8. Qh5) 6. Nge2 Bg4 7. O-O O-O 8. f3 ({RR} 8. a3 Bxc3 9. bxc3 Nbd7 10. f3 Bh5 11. Nf4 Bg6 12. Nxg6 hxg6) 8... Bh5 9. Nf4 Bg6 ({RR} 9... c6 10. Nxh5 Nxh5 11. g4 Nf6 12. g5 Ne8) 10. Nxg6 hxg6 11. Ne2 ({RR} 11. Bg5 c6 ({RR} 11... c5 12. dxc5 Bxc3 13. bxc3 Nbd7) 12. f4 Qb6 13. Na4 ({RR} 13. Ne2 Nh7 14. Bh4 Nd7 15. f5 g5 16. Bg3 Rfe8 17. c3 Bf8 18. Qd2 Ne5) ({RR} 13. f5 Qxd4+ 14. Kh1 Nbd7 15. fxg6 fxg6) 13... Qxd4+ 14. Kh1 Ne4 ({RR} 14... Bd2 15. Qxd2 Ne4 ({RR} 15... Qxa4 16. f5 Ne4 17. Bxe4 Qxe4 18. Rf4) 16. c3 ({RR} 16. Qa5 b6 17. Nxb6 Qxb6 18. Qxb6 axb6 19. Bxe4 dxe4 20. Rfe1 Re8 21. Kg1 f6 22. Bh4 Na6 23. a3 Nc7 24. c4 f5 25. Rad1 Ne6 26. g3 Ra4 27. Rc1 Nc5) 16... Qxa4 17. Bxe4 Qxe4 ({RR} 17... dxe4 18. f5 gxf5 19. Rxf5 f6 20. Bxf6) 18. f5 Nd7 ({RR} 18... Qg4 19. f6 ({RR} 19. fxg6 f6 20. Qe3 Qe4) 19... Nd7 20. fxg7 Rfe8 21. h3 Qh5 22. Qf4 f5 23. Rfe1) 19. Rf4 ({RR} 19. Rae1 Qg4 20. Be7 Rfe8 21. Rf4 Qh5 22. Rh4 Qxf5 23. Rf4 Qh5) 19... Qe5 20. Re1 Qc7 21. fxg6 f6 22. Bh4 Rfe8) 15. c3 ({RR} 15. Bxe4 Qxe4 16. f5 f6 17. Rf4 Qe1+ 18. Qxe1 Bxe1 19. Bxf6 Bd2 20. Rf2 Be3 21. Rf3 d4) 15... Nf2+ 16. Rxf2 Qxf2 17. cxb4 ({RR} 17. Rc1 Bxc3 ({RR} 17... Bd6 18. Rc2 Qe3 19. Re2) 18. bxc3 Re8) 17... f6 18. Qg4 fxg5 19. Qe6+ ({RR} 19. g3 gxf4 20. Bxg6 fxg3 21. Qe6+ Rf7 22. Qc8+ Rf8 23. Qe6+ Rf7) 19... Kh8 20. Nc5 ({RR} 20. Rf1 Qh4 21. g3 ({RR} 21. Qe7 Na6 22. Qxb7 Rae8 23. Qxa6 Rxf4 24. Rg1 Qf2 25. Nc3 Rh4 26. h3 g4 27. Rf1 Re1) ({RR} 21. Rf3 Na6 22. Rh3 Rae8 23. Rxh4+ gxh4) 21... Qh6 22. fxg5 ({RR} 22. Qe7 Nd7 23. Qxd7 gxf4) 22... Rxf1+ 23. Bxf1 Qxg5 24. Qc8+ Kh7 25. Qxb7 Qc1 26. Kg1 Qe3+ 27. Kg2 Qd2+ 28. Kg1 Nd7 29. Qxa8 Ne5 30. Qf8 Ng4 31. Ba6 Qxh2+ 32. Kf1 Qd2 33. Be2 Ne3+ 34. Kf2 Nd1+) ({RR} 20. Qxg6 Qh4 21. Nc5 ({RR} 21. fxg5 Nd7 22. g3 Qh3) ({RR} 21. g3 Qh6) 21... Qh6 22. Qxg5 Qxg5 23. fxg5 Rf2 24. Nxb7 Nd7) 20... Qxb2 21. Qh3+ Kg8 22. Qe6+ Kh8 23. Rf1 Qf6 24. Qh3+ Kg8 25. g3 ({RR} 25. Ne6 g4 26. Qxg4 Nd7 27. Ng5 ({RR} 27. Qh3 Rfe8 28. Ng5 Nf8) 27... Rfd8 28. Qh4 Nf8 29. f5 gxf5 30. Bxf5 Qh6) ({RR} 25. Ne4 dxe4 ({RR} 25... Qf5 26. g4) 26. Bc4+ Rf7 27. Qc8+ Kh7 28. Qh3+) 25... Re8 {Ivanchuk,V (2739)-So,W (2640) Khanty-Mansiysk 2009 CBM 134 [So,Wesley] 0-1 (39)}) ({RR} 11. Bg5 c6 12. f4 Qb6 13. Ne2 Nh7 14. Bh4 f5 15. c4 dxc4 16. Bxc4+ Kh8 17. Kh1 Nd7 18. Ng1 Bd6 19. d5 cxd5 20. Qxd5 Ndf6 21. Bxf6 Nxf6 22. Qd3 Rad8 23. Qg3 Qd4 24. Bb3 Nh5 25. Qxg6 Nxf4 {Popov,I (2632)-Vallejo Pons,F (2706) Khanty-Mansiysk 2013 1-0 (43)}) 11... Re8 ({RR} 11... Bd6 12. Bg5 c5 13. g3 c4 14. Be4 dxe4 15. fxe4 Qb6 16. Bxf6 gxf6 17. Rxf6 Nd7 18. Rf2 Rae8 19. Nc3 Qxb2 20. Rf3 Qb6 21. Kg2 Bb4 22. Nd5 Qa5 23. Rb1 Bd6 24. Rxb7 Rxe4 25. Ne3 Nb6 26. h3 {Dubnevych,M (2296)-Vaganian,R (2449) chess.com INT 2025 0-1}) 12. Bg5 $146 ({RR} 12. c4 c6 13. Qb3 Qe7 14. Bg5 dxc4 15. Bxc4 Nbd7 16. Nf4 Nf8 17. Bxf7+ Qxf7 18. Qxb4 N6h7 19. Nh3 Ne6 20. Be3 Rad8 21. Rad1 Rd5 22. Rd2 Red8 23. Rfd1 a6 24. Qc4 g5 25. Nf2 Nf6 26. Ne4 Ne8 {McNab,C-Kilgour,D Chester/ Cheshire 1979 0-1 (34)}) 12... Be7 13. Ng3 Nbd7 14. f4 Nh7 15. Qf3 c6 16. h4 Ndf8 17. Rae1 Qc7 18. Bxe7 Rxe7 19. Re5 f6 20. Rxe7 Qxe7 21. h5 gxh5 22. Qxh5 Qf7 23. Qg4 g6 24. Nf5 Kh8 25. Nh4 f5 26. Qh3 Qe6 27. Kf2 Re8 28. Nf3 Re7 29. Ne5 Nd7 30. Rh1 Nxe5 31. dxe5 c5 32. b3 c4 33. bxc4 dxc4 34. Be2 g5 35. g3 Qb6+ 36. Kg2 Qe3 37. Kf1 Rf7 38. Qh5 Qxg3 39. Qxf7 Qxf4+ 40. Kg2 Qe4+ 41. Bf3 Qxc2+ 42. Kg3 f4+ 1-0

[Event "Grand Slam Final 5th"]
[Site "Sao Paulo/Bilbao"]
[Date "2012.10.11"]
[Round "8"]
[White "Karjakin, Sergey"]
[Black "Carlsen, Magnus"]
[Result "1/2-1/2"]
[WhiteElo "2778"]
[BlackElo "2843"]
[PlyCount "70"]
[EventDate "2012.09.24"]
[EventType "tourn"]
[EventRounds "10"]
[EventCountry "BRA"]
[EventCategory "22"]
[SourceTitle "CBM 151"]
[Source "ChessBase"]
[SourceDate "2012.11.13"]
[SourceVersion "1"]
[SourceVersionDate "2012.11.13"]
[SourceQuality "1"]

1. e4 e6 2. d4 d5 3. Nc3 Bb4 4. e5 Ne7 5. a3 Bxc3+ 6. bxc3 c5 7. Qg4 O-O 8. Bd3 f5 9. exf6 Rxf6 10. Bg5 Rf7 11. Qh5 g6 12. Qd1 Qa5 13. Bd2 Nd7 14. Nf3 c4 15. Be2 Nc6 16. Ng5 Re7 17. f4 Nf6 18. O-O Bd7 19. a4 Rf8 20. Bf3 Nd8 21. Qc1 $146 ({RR} 21. Qe1 Rg7 22. Qh4 Nc6 23. Rf2 Ne7 24. Re2 Nf5 25. Qe1 Re8 26. g4 Nd6 27. Qh4 Qd8 28. Qe1 Rge7 29. Bc1 h6 30. Ba3 Qc7 31. Nh3 Rh7 32. Nf2 Nf7 33. Qd2 g5 34. Bc1 Rg7 35. Kg2 Bc6 {Baron,T (2467)-Miton,K (2624) Haguenau 2013 0-1 (56)}) 21... Nf7 22. Qa3 Ree8 23. Nxf7 Rxf7 24. Rfe1 Bc6 25. Qb4 Qxb4 26. cxb4 Ne4 27. Bxe4 dxe4 28. c3 Bd5 29. Be3 Kf8 30. h3 Ke7 31. Kh2 h5 32. h4 Rf5 33. Kg3 Rg8 34. Kh2 Re8 35. Kg3 Rg8 1/2-1/2

[Event "London Classic 4th"]
[Site "London"]
[Date "2012.12.01"]
[Round "1"]
[White "McShane, Luke J"]
[Black "Carlsen, Magnus"]
[Result "0-1"]
[WhiteElo "2713"]
[BlackElo "2848"]
[PlyCount "124"]
[EventDate "2012.12.01"]
[EventType "tourn"]
[EventRounds "9"]
[EventCountry "ENG"]
[EventCategory "21"]
[SourceTitle "CBM 152"]
[Source "ChessBase"]
[SourceDate "2013.01.15"]
[SourceVersion "1"]
[SourceVersionDate "2013.01.15"]
[SourceQuality "1"]

1. e4 e5 2. Nf3 Nc6 3. Bb5 Nf6 4. O-O Nxe4 5. Re1 Nd6 6. Nxe5 Be7 7. Bf1 Nf5 8. Nf3 O-O 9. d4 d5 10. g3 Bf6 11. c3 Re8 12. Rxe8+ Qxe8 13. Bf4 Qd8 14. Bd3 Nfe7 15. Na3 $146 ({RR} 15. Nbd2 Bf5 16. Bxf5 Nxf5 17. Qe2 g6 18. Nb3 b6 19. Re1 Ng7 20. Nc1 Qd7 21. Qa6 Ne6 22. Nd3 Qc8 23. Qb5 Qd7 24. Nb4 Nxf4 25. Qxc6 Qxc6 26. Nxc6 Ne6 27. Nfe5 Kg7 28. Ng4 a5 29. Nxf6 Kxf6 {Bacrot,E (2692)-Balogh,C (2659) Germany 2015 1-0 (51)}) 15... a6 16. Nc2 Bf5 17. Bxf5 Nxf5 18. g4 Nfe7 19. Ne3 g6 20. Qf1 Qd7 21. Qh3 Bg7 22. Qg3 Rc8 23. g5 Nd8 24. Be5 Ne6 25. Bf6 Re8 26. Ne5 Qd6 27. Kh1 Nxg5 28. Bxg5 f6 29. Bxf6 Qxf6 30. Re1 c6 31. Kg2 Nc8 32. N3g4 Qd8 33. Nd3 Rxe1 34. Nxe1 Nd6 35. Nd3 Nf5 36. Qh3 Bf8 37. Ne3 Qg5+ 38. Kf1 Nxe3+ 39. fxe3 Kg7 40. Nf4 Qf6 41. Ke2 Bd6 42. Qg4 Kf7 43. h3 h5 44. Qc8 Qe7 45. Nd3 Kf6 46. b3 Kg5 47. c4 Kh4 48. c5 Bg3 49. b4 Qf7 50. a4 g5 51. Kd2 Bh2 52. Ne1 Kg3 53. Nc2 Bg1 54. Qd8 Kh4 55. Qc8 Bf2 56. Ke2 Kg3 57. Qd8 Qf5 58. Kd2 Kxh3 59. b5 g4 60. bxc6 bxc6 61. Nb4 g3 62. Nd3 g2 0-1

[Event "London Classic 4th"]
[Site "London"]
[Date "2012.12.04"]
[Round "4"]
[White "Carlsen, Magnus"]
[Black "Jones, Gawain C B"]
[Result "1-0"]
[WhiteElo "2848"]
[BlackElo "2644"]
[Annotator "Mekhitarian,Krikor Sevag"]
[PlyCount "75"]
[EventDate "2012.12.01"]
[EventType "tourn"]
[EventRounds "9"]
[EventCountry "ENG"]
[EventCategory "21"]
[SourceTitle "CBM 152"]
[Source "ChessBase"]
[SourceDate "2013.01.15"]
[SourceVersion "1"]
[SourceVersionDate "2013.01.15"]
[SourceQuality "1"]

1. e4 c5 2. Nf3 d6 3. d4 cxd4 4. Qxd4 $5 {The Hungarian variation, that should never be underestimated. Either a quick development or a Hedgehog-like setup could be White's weapons here} a6 (4... Nc6 {the main line, naturally} 5. Bb5 Bd7 6. Bxc6 Bxc6 {and now White follows with c3-g5-0-0-0 or c4 straight away, with a rich battle either way.}) 5. h3 $5 {A setup with e3, e2, c4, c3 is sought by White. A decision that proved to be very good, since Black's troubles started already after his 15th move.} Nc6 6. Qe3 g6 7. c4 Bg7 8. Be2 Nf6 9. Nc3 O-O 10. O-O Nd7 11. Rb1 $1 {The expansion with b4 is always a good plan, and when Black plays ...a5 to stop that (and also secure c5 for his ), White gets the b5-square for the c3-.} a5 (11... b6 {was another way to fight, b7, c8 coming. Play could go like this:} 12. b4 Bb7 13. Rd1 Rc8 14. Na4 $5 $14 {and the b6- will be slightly harassed.}) (11... Qb6 $5 {Possibly an interesting novelty, forcing an early -exchange, that should work in Black's favour.} 12. Nd5 Qxe3 13. Bxe3 Nf6 {And I feel Black is ok, with natural developing moves coming}) 12. b3 Nc5 13. Bb2 f5 {This is part of Black's plan - if he doesn't try this, White is just building up an advantage with fd1, b5, and a3-b4 later.} 14. exf5 Bxf5 15. Rbd1 $14 {This is the kind of position where Black has to be careful, since central files are open and both black s are still there. Highly typical of the Accelerated Dragon's Maroczy like positions. Personally, I like White's chances in these structures. It just feels like Black's position is highly unstable and moves like a3, g5, d5, b5 must be watched all the time.} a4 16. Ba3 $1 Qa5 (16... Bxc3 $6 {a highly concrete decision, that should be considered and could go like this:} 17. Qxc3 Ne4 18. Qe3 $1 (18. Qc1 {would also be decent} axb3 19. axb3 Rxa3 20. Qxa3 Nc3 {Even here, White claims a small edge with a simple move like 21.fe1, because of Black's unstable central pawns and his open } 21. Rfe1 $14) 18... axb3 19. Bb2 {ideas like this should be considered, because it feels like 16...xc3 should backfire somehow. Now g4 is a threat and in the event of 19...xa2, then simply 20.b3, with huge compensation} Rxa2 20. Qxb3 $16) 17. Nb5 (17. b4 $5 {was attractive, but was probably not leading to much:} Nxb4 18. Bxb4 Qxb4 19. Nd5 Qa5 20. Nxe7+ Kh8 21. Nxf5 gxf5 $14 {Keeping the pieces in a tense position with 17.b5 is always more interesting than doing this. Of course, 18...f6! may change the whole evaluation and induce White to choose this line instead.}) 17... axb3 18. axb3 Qxa3 $146 {White was claiming a small, comfortable advantage already, but this looks drastic. I mean, Black is far from stable, and he's not even going to take on b3. There will be some piece play, indeed. But it doesn't look right.} (18... Rf6 $1 {This is what I'm talking about - if Black wants to claim a good position, he has to do it in a concrete fashion, which probably was the thought process that occurred to Gawain, but he overestimated the -sacrifice and didn't consider this odd-looking  activation (I would hardly take this move seriously while analysing during a game)} 19. Bxc5 (19. b4 {leads to a crazy position as well:} Nxb4 20. Bxb4 Qxb4 21. Nc7 Qa5 22. Nxa8 Re6 $1 23. Qd2 Bc3 24. Qd5 Be4 $44 {and Black's strong piece positioning (and a ) surely compensate for the exchange}) (19. Ng5 h6 20. g4 {would be another direct try to refute Black's idea} hxg5 21. gxf5 Rxf5 22. Bxc5 Re5 $13 {same idea, on the 5th rank now :)}) 19... Re6 $1 {The point, now the e2- becomes a target} 20. Qc1 Rxe2 21. Bd4 Nxd4 22. Nfxd4 Re5 $13) ({RR} 18... Qb6 19. b4 Na4 20. Qb3 Kh8 21. Bc1 Be6 22. Qb1 Rfc8 23. Be3 Qd8 24. Ng5 Bg8 25. Bg4 Bxc4 26. Rc1 {1-0 (26) Szwed,J (2361)-Jandric,D (2104) Vrnjacka Banja SRB 2023}) ({RR} 18... Qb6 19. b4 Na4 20. Qb3 Kh8 21. Bc1 Be6 22. Qb1 Rfc8 23. Be3 Qd8 24. Ng5 Bg8 25. Bg4 Bxc4 26. Rc1 {1-0 (26) Szwed,J (2361)-Jandric,D (2104) Vrnjacka Banja SRB 2023}) 19. Nxa3 Rxa3 20. Nd2 $16 {Slowly White coordinates so as to exchange some pieces, when Black's problems will become bigger and bigger} Bd4 21. Qg3 Be5 $6 (21... Kg7 $5 {a small -improvement was possible, maintaining some positional pressure.}) 22. f4 {This 'weakness' also helps White to gain some space.} Bf6 23. Bg4 Nd4 24. Kh1 Bc2 25. Rde1 Kh8 26. Re3 h5 27. b4 $1 h4 (27... Nd3 $1 28. Bd1 $1 {disturbing completely Black's harmony} h4 $1 (28... Nf5 29. Qxg6 Nxe3 30. Bxc2 Nxc2 31. Ne4 $18 {and the material advantage becomes a deadly attack}) 29. Qxg6 Nf2+ 30. Rxf2 Bxg6 31. Rxa3 {also good for White, but perhaps the most stubborn idea.}) 28. Qf2 Nd3 29. Qg1 $18 {Now everything is hanging and e4 is a very strong threat.} Nf5 30. Bxf5 gxf5 31. Nf3 Rc3 32. c5 Bb3 33. Ne1 Bd4 34. Nxd3 dxc5 (34... Rxd3 {wouldn't change anything:} 35. Rxd3 Bxg1 36. Rxb3 Bd4 37. cxd6 exd6 38. Rd3 $18) 35. Qf2 Rf7 36. Rc1 cxb4 37. Rxc3 bxc3 38. Qe1 1-0

[Event "London Classic 4th"]
[Site "London"]
[Date "2012.12.06"]
[Round "5"]
[White "Adams, Michael"]
[Black "Carlsen, Magnus"]
[Result "0-1"]
[WhiteElo "2710"]
[BlackElo "2848"]
[PlyCount "126"]
[EventDate "2012.12.01"]
[EventType "tourn"]
[EventRounds "9"]
[EventCountry "ENG"]
[EventCategory "21"]
[SourceTitle "CBM 152"]
[Source "ChessBase"]
[SourceDate "2013.01.15"]
[SourceVersion "1"]
[SourceVersionDate "2013.01.15"]
[SourceQuality "1"]

1. e4 {Sutovsky,Emil} e5 2. Nf3 Nc6 3. Bb5 a6 4. Ba4 Nf6 5. O-O Be7 6. d3 b5 7. Bb3 d6 8. a4 Bd7 9. h3 O-O 10. Be3 Be6 $146 ({RR} 10... Na5 11. Ba2 c5 12. axb5 axb5 13. Nc3 c4 14. Bg5 b4 15. Bxf6 bxc3 16. Bxe7 Qxe7 17. bxc3 Be6 18. Re1 h6 19. Nd2 Rac8 20. Nf1 Rc5 21. Ne3 Rb8 22. Bxc4 Nxc4 23. dxc4 Qc7 24. Ra6 Rb6 25. Rxb6 {Volokitin,A (2678)-Melkumyan,H (2630) Austria 2013 0-1 (48)}) ({RR} 10... Na5 11. Ba2 bxa4 12. Bd2 Nc6 13. Nc3 Rb8 14. Nxa4 Nd4 15. Bc4 c6 16. Nxd4 exd4 17. Bf4 Be6 18. Re1 a5 19. Qf3 Rb7 20. e5 Nd5 21. exd6 Bxd6 22. Bxd6 Qxd6 23. Qe4 Nf4 24. Qe5 Qxe5 25. Rxe5 {Nepomniachtchi,I (2795)-Ding Liren (2788) Astana KAZ 2023 ½-½ (47)}) ({RR} 10... Na5 11. Ba2 bxa4 12. Nc3 Rb8 13. Bc1 h6 14. Bb1 Qe8 15. b3 c5 16. Nxa4 Nc6 17. Nb2 Ra8 18. Nc4 Qb8 19. Re1 Be6 20. c3 Re8 21. Bc2 Bf8 22. Ba3 Qc7 23. Ne3 d5 24. exd5 Nxd5 25. Nxd5 {Vokhidov,S (2641)-Zemlyanskii,I (2563) Al Ain UAE 2025 ½-½ (37)}) ({RR} 10... Na5 11. Ba2 c5 12. axb5 axb5 13. Nc3 b4 14. Nd5 Nxd5 15. Bxd5 Bc6 16. Bxc6 Nxc6 17. Nd2 ({RR} 17. Rxa8 Qxa8 18. Nd2) 17... Rxa1 18. Qxa1 Qa8 ({RR} 18... Bg5) 19. Nc4 Qb7 ({RR} 19... Qxa1 20. Rxa1 Rd8 21. Ra6) 20. Qd1 Nd8 21. f4 ({RR} 21. Qg4 Ne6 22. Ra1 Ra8 23. Rxa8+ Qxa8 24. g3) 21... d5 ({RR} 21... exf4 22. Bxf4 d5 23. Nd6 Bxd6 24. Bxd6 Re8) 22. Nxe5 f6 23. Nf3 dxe4 24. dxe4 Qxe4 25. Re1 {Sutovsky,E (2696)-Adams,M (2734) Porto Carras 2011 CBM 146 [Sutovsky,Emil] ½-½ (36)}) ({RR} 10... Na5 11. Ba2 bxa4 12. Nc3 Rb8 13. Rb1 c5 14. Nd2 Rb4 15. Bg5 h6 16. Bxf6 Bxf6 17. Nc4 Be6 18. Ne3 Bg5 19. Ned5 Bxd5 20. Bxd5 Qd7 21. Ra1 c4 22. Ra2 Rc8 23. Qa1 cxd3 24. cxd3 Bd2 25. Nxa4 {Alsina Leal,D (2511)-Kjartansson,G (2404) Hastings 2013 ½-½ (32)}) 11. Bxe6 fxe6 12. Nbd2 b4 13. c3 d5 14. cxb4 Bd6 15. b5 axb5 16. axb5 Rxa1 17. Qxa1 Nb4 18. d4 exd4 19. Nxd4 Qe8 20. Qa4 Nxe4 21. Nxe4 dxe4 22. Nc6 Nd5 23. Qxe4 Nxe3 24. Qxe3 Rf5 25. Nd4 Re5 26. Qb3 Rd5 27. Qc4 Qf7 28. b3 Qd7 29. Nf3 Rxb5 30. Ra1 Rd5 31. g3 h6 32. Qe4 Qe8 33. Kg2 Kf7 34. Ra2 Qd8 35. Re2 Qf6 36. h4 Qf5 37. Qc4 Rd3 38. Re3 Rxe3 39. fxe3 Qb1 40. e4 Qb2+ 41. Kh3 Qf2 42. e5 Qxf3 43. exd6 Qh1+ 44. Kg4 Qd1+ 45. Kh3 Qxd6 46. h5 c5 47. g4 Qd4 48. Qf1+ Ke7 49. Qf3 Qd5 50. Qc3 e5 51. Kg3 Kd6 52. Qc4 Qxc4 53. bxc4 e4 54. Kf4 e3 55. Kf3 Ke6 56. Ke2 Kf6 57. Kf3 Kg5 58. Kxe3 Kxg4 59. Ke4 Kxh5 60. Kd5 g5 61. Kxc5 g4 62. Kd4 g3 63. Ke3 Kg4 0-1

[Event "London Classic 4th"]
[Site "London"]
[Date "2012.12.08"]
[Round "7"]
[White "Nakamura, Hikaru"]
[Black "Carlsen, Magnus"]
[Result "1/2-1/2"]
[WhiteElo "2760"]
[BlackElo "2848"]
[PlyCount "112"]
[EventDate "2012.12.01"]
[EventType "tourn"]
[EventRounds "9"]
[EventCountry "ENG"]
[EventCategory "21"]
[SourceTitle "CBM 152"]
[Source "ChessBase"]
[SourceDate "2013.01.15"]
[SourceVersion "1"]
[SourceVersionDate "2013.01.15"]
[SourceQuality "1"]

1. e4 c5 2. Nf3 Nc6 3. c3 Nf6 4. e5 Nd5 5. Bc4 e6 6. d4 cxd4 7. cxd4 d6 8. O-O Be7 9. Qe2 O-O 10. Rd1 Qc7 11. a3 ({RR} 11. Na3 a6 12. Bd2 dxe5 13. dxe5 b5 14. Bxd5 exd5 15. Rac1 Qb7 16. Nc2 Be6 17. h3 Rac8 18. Bg5 Bf5 19. Bxe7 Qxe7 20. Ncd4 Nxd4 21. Nxd4 Bxh3 22. Rxc8 Bxc8 23. f4 g6 24. Qf3 Qh4 25. Rc1 Bd7 {Aronian,L (2775)-Erigaisi,A (2689) chess24.com INT 2022 ½-½ (42)}) 11... Rd8 ({RR} 11... b6 12. Bxd5 ({RR} 12. Bd3 Bb7 13. Qe4 g6 14. Bh6 Rfd8 15. Nbd2 dxe5 16. dxe5 Rac8 17. Rac1 Qb8 18. Nc4 b5 19. Ne3 Nxe3 20. Qxe3 a6 21. h4 Na5 22. h5 Rxc1 23. Rxc1 Bxf3 24. gxf3 Nc4 25. Bxc4 bxc4 26. Rxc4 Qxb2) 12... exd5 13. Nc3 Be6 14. Nb5 ({RR} 14. Bf4 dxe5 15. Nxe5 ({RR} 15. dxe5 Rfd8 16. Rac1 Qb7 17. Nb5 Rac8 18. Nfd4 Nxd4 19. Nxd4 Bc5 20. Be3 Bxd4 21. Bxd4 Rxc1 22. Rxc1 Rc8 23. Rd1 h6 24. h3 Qc6 25. Bc3 Qc4 26. Qe1 Qb3 27. Rd3 Qc4 28. Qd2 a5) 15... Nxe5 16. Bxe5 Qd7 17. h3 Bf5 18. Rac1 Rac8 19. Qf3 Be6 20. Re1 Rfd8 21. Qg3 Bf8 22. Re3 Bf5 23. Rce1 Bg6 24. h4 b5 25. Bf4 a5 26. Re5 Qc6 27. h5 f6 28. Re6 Qd7) 14... Qd7 15. Bf4 dxe5 16. Nxe5 Nxe5 17. dxe5 Rac8 18. Nd4 Rc4 19. Rac1 Rfc8 20. h3 b5 21. b3 Rxc1 22. Rxc1 a6 23. Qb2 Rc7 24. Rxc7 Qxc7 25. Qc1 Qc5 26. Be3 {Barwinska,E (2044)-Smietanska,W (2151) Suwalki POL 2025 ½-½ (44)}) 12. b4 $146 ({RR} 12. Nbd2 dxe5 13. dxe5 Bd7 14. Nf1 Be8 15. Ng3 g6 16. Bxd5 Rxd5 17. Rxd5 exd5 18. Bf4 d4 19. Rd1 Rd8 20. Ne4 Qd7 21. h3 Qd5 22. Nd6 Bxd6 23. exd6 Bd7 24. b4 a6 25. Qb2 Bxh3 26. Rd3 Bf5 {Shuvalova,P (2497)-Awoki,D (2152) chess.com INT 2023 0-1 (71)}) ({RR} 12. Bd3 a6 13. Qe4 f5 14. exf6 Nxf6 15. Qe2 Bd7 16. Nc3 Rf8 17. Bg5 Rae8 18. Qc2 h6 19. Bxf6 Bxf6 20. Ne4 Be7 21. Ng3 Qb6 22. Qe2 d5 23. Bb1 Qb3 24. Bc2 {½-½ (24) Andries,A (1816)-Loftgaard,M (2084) Odense 2021}) 12... a6 13. Bd3 b5 14. h4 dxe5 15. dxe5 Bb7 16. Ra2 Ndxb4 17. axb4 Nxb4 18. Rad2 Rxd3 19. Rxd3 Nxd3 20. Qxd3 Rd8 21. Qe2 Rxd1+ 22. Qxd1 Bxf3 23. gxf3 Qxe5 24. Qd7 Bf8 25. Be3 a5 26. Qe8 h6 27. Kg2 a4 28. Na3 b4 29. Nc4 Qc7 30. Nb6 Qe7 31. Qxa4 Qxh4 32. Qa8 Qe7 33. Qc8 b3 34. Nd7 b2 35. Nxf8 Qxf8 36. Qb7 e5 37. Qxb2 f6 38. Qc2 Qf7 39. Qf5 Kh8 40. Bd2 Kg8 41. Kg3 Kh8 42. Be3 Kg8 43. Kh2 Kh8 44. Kg2 Kg8 45. Qd3 Kh8 46. f4 exf4 47. Bxf4 Kg8 48. Qe4 Kh8 49. Be3 Kg8 50. Bd4 Kh8 51. f4 Kg8 52. Kg3 Kh8 53. Be3 Kg8 54. Bd4 Kh8 55. Be3 Kg8 56. Bd4 Kh8 1/2-1/2